000 01276cam a22003254a 4500
008 210313s1866 fr a 000 0 fre
010 _a81481883
040 _aDLC
_beng
_cDLC
_dDLC
_cEG-GiCUC
041 _afre
_alat
_aheb
050 0 0 _aBS228
_b1866
092 0 4 _a272.1541
_bB58212
_221
099 _a04
_a272.1541 B58212
130 0 _aBible.
_lFrench.
245 1 3 _aLa sainte Bible :
_bselon la Vulgate /
_ctraduction nouvelle ; aves les dessins de Gustave Dore{u00B4}.
260 _aTours :
_bAlfred Mame et fils,
_c1866.
300 _a2 v. :
_b228 ill. ;
_c43 cm.
500 _aIncludes Apocrypha.
500 _aPlates engraved from Dore{u00B4}'s drawings by H. Pisan and others.
500 _aTranslators identified in another issue as J.-J. Bourasse{u00B4} and P. Janvier.
546 _aThe text is in French, Hebrew and Italian
630 0 0 _aBible
_xTranslations into French.
700 1 _aBourasse{u00B4}, J.-J.
_q(Jean-Jacques),
_d1813-1872.
700 1 _aDore{u00B4}, Gustave,
_d1832-1883.
700 1 _aJanvier, Pierre De{u00B4}sire{u00B4},
_d1817-1888.
902 _a1
905 _aAmro L.
_eCat.
905 _aJehan
_eRev.
942 _2ddc
_cRARE BOOKS
999 _c159211
_d159211